Účtovanie dane z pridanej hodnoty, dane z príjmov a ostatných daní vo vybranej organizácii diplomová práca

Na minha lista:
Detalhes bibliográficos
Autor principal: Porubanová, Eva
Autor Corporativo: Národohospodárska fakulta EU. Katedra financií
Outros Autores: Staríčková, Zuzana
Formato: Livro
Idioma:eslovaco
Publicado em: Bratislava 2008
Tags: Adicionar Tag
Sem tags, seja o primeiro a adicionar uma tag!

MARC

LEADER 00000nam$a2200000$$$4500
001 0078720
005 20240201120537.9
041 0 |a slo 
044 |a SK 
245 1 0 |a Účtovanie dane z pridanej hodnoty, dane z príjmov a ostatných daní vo vybranej organizácii  |b diplomová práca  |c Eva Porubanová ; škol. Zuzana Staríčková 
264 1 |a Bratislava  |c 2008 
300 |a 70 s. 
100 1 |a Porubanová, Eva 
700 1 |a Staríčková, Zuzana 
710 2 |a Národohospodárska fakulta EU. Katedra financií